000 00966nas a2200289 4500
001 BR2010001851
003 BR-BrBNA
005 20231205114218.0
007 ta
008 230509b bl.|||p| |||| 00| 00por d
040 _aBR-BrBNA
_bpor
_cBiblioteca Nacional de Agricultura
041 _a(Pt)
072 _aF02
100 1 _aBarbosa, C.K.R.
100 1 _aValadares, S.V.
100 1 _aBonfim, F.P.G.
100 1 _aHonorio, I.C.G.
100 1 _aMartins, E.R.
245 1 _aInfluência do substrato e do tamanho da célula de bandejas de poliestireno expandido no desenvolvimento de mudas e produção de calêndula (Calendula officinalis L.)
650 _aCALENDULA
650 _aPLANTA MEDICINAL
650 _aMUDA
650 _aAGRICULTURA ORGANICA
773 0 _tRevista Brasileira de Plantas Medicinais (Brazil)
_xISSN 1516-0572
_g(Feb 2010), v. 12(1) p. 18-22
_wBR2010001851
909 _a202311
_bLúcia
_c55
_dLúcia Elande
942 _2AGRIS
_n0
_cANA
999 _c207633
_d207633